Técnicas y recursos para el desarrollo de las clases

Saved in:
Bibliografiske detaljer
Hovedforfatter: Bernardo Carrasco, José (Author)
Format: Bog
Sprog:spansk
Udgivet: Madrid Rialp 1991
Serier:Educación y Pedagogía
Fag:
Tags: Tilføj Tag
Ingen Tags, Vær først til at tagge denne postø!

MARC

LEADER 00000nam a2200000 a 4500
001 UCW7097
003 CL-VaPUC
008 920903e19910000SP |||||||||||||||||spa|d
082 0 4 |a 371.302  |b BER  |2 21 
100 0 |a Bernardo Carrasco, José  |e author  |9 312223 
245 1 0 |a Técnicas y recursos para el desarrollo de las clases 
300 |a 258 p 
942 |c BK 
945 |d 19920903 00:00:00 
260 |a Madrid  |b Rialp  |c 1991 
650 0 |a Técnicas de enseñanza   |9 255352 
650 7 |a MODELOS DE ENSEÑANZA  |2 CL-VaPUC  |9 308817 
583 |a last modification  |c 19920903 00:00:00  |k Rodrigo Vera 
490 0 |a Educación y Pedagogía 
999 |c 219975  |d 219973 
952 |0 0  |1 0  |4 0  |6 371_302000000000000_BER_1991  |7 0  |8 A  |9 211574  |a BIBEDU  |b BIBEDU  |d 2019-11-15  |i 2797585  |o 371.302 BER 1991  |p 2797585  |r 2019-11-15  |w 2019-11-15  |y BK  |k EDU